Introduction to finite elements in engineering (Record no. 139509)

000 -LEADER
fixed length control field 00308nmm a2200097Ia 4500
008 - FIXED-LENGTH DATA ELEMENTS--GENERAL INFORMATION
fixed length control field 220120s9999||||xx |||||||||||||||||und||
020 ## - INTERNATIONAL STANDARD BOOK NUMBER
International Standard Book Number 81-7808-285-3
100 ## - MAIN ENTRY--PERSONAL NAME
Personal name Chandrupatla, Tirupathi R and Belegundu, Ashok D
245 #0 - TITLE STATEMENT
Title Introduction to finite elements in engineering
260 ## - PUBLICATION, DISTRIBUTION, ETC.
Place of publication, distribution, etc. Tata mcgraw hill
Name of publisher, distributor, etc. Delhi
Holdings
Withdrawn status Lost status Damaged status Not for loan Home library Current library Date acquired Barcode Date last seen Price effective from Koha item type
        Central Library Central Library 01/20/2022 CD1060 01/20/2022 01/20/2022 Compact Disc

Powered by Koha